| 000 | 00502nam a2200193Ia 4500 | ||
|---|---|---|---|
| 005 | 20250822151853.0 | ||
| 008 | 008 250516s9999 xx 000 0 hin d | ||
| 020 | _a9789386081346 | ||
| 040 |
_beng _cSDCL |
||
| 041 |
_ahin _2hin |
||
| 084 | _aQ1 R3 | ||
| 100 | _aAgarwal, Shiv Prakash | ||
| 245 | 0 | _aSrishti utpatti | |
| 246 | _aसृष्टि उत्पत्ति | ||
| 260 |
_aDelhi: _bAastha Prakashan, _c2023. |
||
| 300 | _a124p. | ||
| 650 | _aSanskrit | ||
| 942 |
_cTEXL _2CC |
||
| 999 |
_c1429133 _d1429133 |
||